Statistics for Countries Vietnamese Citizens Can Visit Without Applying For a Visa

Click here to take the quiz!

General Stats

  • This quiz has been taken 141 times
  • The average score is 16 of 40

Answer Stats

Visa RequirementCountry% Correct
Visa not requiredLaos
97%
Visa not requiredCambodia
96%
Visa not requiredIndonesia
89%
Visa not requiredThailand
89%
Visa not requiredMalaysia
88%
Visa not requiredMyanmar
86%
Visa not requiredPhilippines
83%
Visa not requiredSingapore
80%
Visa on arrivalEast Timor
77%
Visa not requiredBrunei
76%
Visa on arrivalNepal
48%
Visa on arrivalMaldives
41%
Entry Permit on arrivalSamoa
36%
Visa on arrivalIran
35%
Visa not requiredMicronesia
35%
Visa on arrivalTuvalu
35%
Visa on arrivalPalau
34%
Visa on arrivalMarshall Islands
33%
Free Visitor's Permit on arrivalSeychelles
30%
Visa on arrivalMadagascar
29%
Visa on arrivalComoros
25%
Visa not requiredDominica
24%
Visa not requiredKyrgyzstan
24%
Visa on arrivalTanzania
24%
Visa not requiredHaiti
23%
Visa on arrivalMozambique
23%
Visa on arrivalZambia
22%
Visa not requiredPanama
21%
Visa on arrivalTajikistan
21%
Visa on arrivalUganda
20%
Visa on arrivalCape Verde
19%
Visa not requiredEcuador
19%
Visa on arrivalMalawi
19%
Visa on arrivalBolivia
18%
Visa on arrivalDjibouti
18%
Visa on arrivalSaint Lucia
17%
Visa not requiredSaint Vincent and the Grenadines
17%
Visa on arrivalTogo
14%
Visa on arrivalMauritania
13%
Visa on arrivalGuinea-Bissau
12%

Score Distribution

Percentile by Number Answered

Percent of People with Each Score

Your Score History

You have not taken this quiz